000 01763nam0a2200361 4500
001 RU\NLR\bibl\1373864
005 20260408203012.0
010 _a978-5-98344-087-6
_9500
021 _aRU
_b2009-24300
_91439
035 _a(nilc)RSL-KNO-004270696
035 _a(NLR Aleph) 001365982
090 _a1011171
_c1011171
100 _a20090331d2008 |||y0rusy50 ca
101 0 _arus
102 _aRU
105 _aa |||||||||
200 1 _aНовые профессии в зеркале истории и литературы: няни, бонны, гувернантки
_fИ. А. Зеткина, Е. А. Николаева
210 _aСаранск
_c[б. и.]
_d2008
215 _a139 с.
_cил., цв. ил.
_d21
320 _aБиблиогр. в прим.: с. 131-134 (34 назв.)
606 _aСемейное воспитание
_xИстория
_yРоссия
_3RU\NLR\auth\661522580
_92575045
610 2 _aКультура. Наука. Просвещение -- Народное образование. Педагогические науки -- Семейное воспитание -- Теория и практика семейного воспитания -- Россия -- Помощь семьи в обучении детей
686 _aЧ491,8(2)7,0
_2rubbk
686 _aЧ493(2)
700 1 _aЗеткина
_bИ. А.
_gИрина Александровна
_4070
701 1 _4070
_8rus
_7ca
_aНиколаева
_bЕ. А.
_cд-р культурологии
_gЕкатерина Александровна
_3RU\NLR\auth\7748449
_931384
801 0 _aRU
_bРГБ
_c20090331
_gRCR
801 1 _aRU
_bРГБ
_c20090331
801 2 _aRU
_bNLR
_c20090528
_grcr
830 _aавт. по кн.
942 _cBOOK
980 _aNB